Statistics for The first 30 names mentioned in harry potter and the chamber of secrets

Click here to take the quiz!

General Stats

  • This quiz has been taken 725 times
  • The average score is 22 of 30

Answer Stats

Answer% Correct
Harry
100%
Ron weasley
99%
Hermione granger
97%
Dudley
94%
Fred weasley
94%
George Weasley
94%
Petunia
93%
Vernon
93%
Dumbledore
91%
Ginny Weasley
91%
Molly weasley
89%
Arthur Weasley
87%
Hagrid
86%
prof mcgonagall
86%
Draco malfoy
85%
Percy Weasley
84%
Snape
81%
Dobby
76%
Lockhart
70%
Lucius Malfoy
70%
Neville Longbottom
67%
Voldemort
65%
Seamus finnigan
59%
Dean thomas
58%
Mrs Mason
38%
Mr Mason
37%
Lee jordan
30%
Borgin
28%
Mr Granger
20%
Perkins
16%

Score Distribution

Percentile by Number Answered

Percent of People with Each Score

Your Score History

You have not taken this quiz